banner-ar

الخليج العربى والمغرب: دراسات فى التاريخ السياسى والاجتماعى والاقتصادى / (Record no. 50970)

MARC details
000 -الفاتح
حقل البيانات ثابتة الطول 00745nam a2200193Ia 4500
008 - عناصر البيانات ثابتة الطول - معلومات عامة
حقل البيانات ثابتة الطول 140319s9999 xx 000 0 ara d
040 ## - مصدر الفهرسة
وكالة الفهرسة الأصلية GCL /
وكالة النسخ GCL
082 04 - رقم تصنيف ديوى العشرى
رقم التصنيف 327.09
رقم المادة ع.خ
100 1# - المدخل الرئيسى - إسم شخصى
الإسم الشخصى عبدالملك خلف التميمى
245 10 - بيان العنوان
العنوان الخليج العربى والمغرب: دراسات فى التاريخ السياسى والاجتماعى والاقتصادى /
بيان المسئوليه,etc عبدالملك خلف التميمى
260 ## - PUBLICATION, DISTRIBUTION, ETC. (IMPRINT)
تاريخ النشر أو التوزيع 1986
300 ## - الوصف المادى
التعداد 262 ص
490 ## - بيان السلسلة
عنوان السلسلة كيف نفهم الاطفال سلسلة دراسات سيكلوجية
رقم المجلد/ التعيين التسلسلي 0
650 04 - المدخل الاضافى بالموضوع-مصطلح موضوعى
مصطلح موضوعي السياسة
650 04 - المدخل الاضافى بالموضوع-مصطلح موضوعى
مصطلح موضوعي التاريخ
650 04 - المدخل الاضافى بالموضوع-مصطلح موضوعى
مصطلح موضوعي التاريخ الاجتماعى
942 ## - عناصر المدخل الإضافي( كوها)
مصدر التصنيف او مخطط الترفيف Dewey Decimal Classification
Koha [default] item type كتاب
260 ## - PUBLICATION, DISTRIBUTION, ETC. (IMPRINT)
-- [S.N] :
-- دار الشباب للنشر ،
Holdings
حالة التراجع حالة الفقد حالة تلف ليس للاعارة المكان المؤقت الموقع الحالى تاريخ الاكتساب اجمالي اﻻعارات رقم الطلب الباركود تاريخ اخر مشاهدة تاريخ تفعيل السعر نوع وعاء كوها
        مكتبة القاهرة الكبرى مكتبة القاهرة الكبرى 03/26/2014   327.09\ع.خ 122209 03/26/2014 03/26/2014 كتاب
        مكتبة القاهرة الكبرى مكتبة القاهرة الكبرى 03/26/2014   327.09\ع.خ 122210 03/26/2014 03/26/2014 كتاب

Powered By

EGPV